| 000 | 00415nam a2200121Ia 4500 | ||
|---|---|---|---|
| 008 | 200626s9999 xx 000 0 und d | ||
| 020 | _a971-085-508-5 | ||
| 100 | _aCalderon, Jose F. | ||
| 245 |
_cJose F. Calderon, Expectacion C. Gonzalez.-- _aMethods of research and thesis writing/ |
||
| 260 |
_aMandaluyong City: _bNational Bookstore _c1993 |
||
| 300 | _axiv, 263 pages | ||
| 500 | _aIncludes Bibliography and Index | ||
| 999 |
_c363871 _d363871 |
||